01495nam a2200325 a 4500001001000000003000400010005001700014008004100031040002500072049000600097082001500103100003300118245012800151246003000279246002800309260007400337300003100411546003500442590002600477650006700503650007200570651005900642700003800701700002700739910001100766942001400777952017600791952018500967999001701152000031483OSt20201106123112.0110627nuuuuuuuuxx c 000 | spa d aDO-SdBNPbspacBNPHU a  axxxbS883q aStoppelman, Francis 95787200aQuisqueya umbral de América = bthreshold of the Americas /cfotos de Francis Stoppelman; introducción Luis F. Thomen.03aLa República Dominicana13aThe Dominican Republic  aLeiden, Horlanda :bNederlandsche Rotogravure Maatschappij,c[196?]. a131 p. :bretrs. ;c27 cm. aTexto en inglés y español  aInventariado, 2020/VM 42Ciudades y Pueblos xHistoria zRepública Dominicana 977199 4aMonumentos Histéricos xHistoria zRepública Dominicana 977200 4aQuisqueya (República Dominicana )xHistoria 9772011 aStoppelman, Francis,efot.9578721 aThomen, Luis F.957873 aVMateo 2ddccLBS1 001050718MOaPDbPDcHDd2015-06-19iLF1l0oxxx Q87up31483-20r2020-06-25te. 2w2020-06-25y1zPerteneció a la biblioteca personal de Carmen Herrera.ZNo se presta 001050718RVaPDbPDcHDd2011-06-27iLF1l0oxxx Q87up31483-10r2020-06-25w2020-06-25y1zPerteneció a la biblioteca personal de Aída Cartagena Portalatín.ZNo se presta c30975d30975